000 00477nam a2200157Ia 4500
008 180910s9999 xx 000 0 und d
100 _aThe Leading Voice of Nursing Since 1990.
245 _aAmerican Journal of Nursing /
245 _cThe Leading Voice of Nursing Since 1990
260 _bWolters Kluwer
260 _c2018
300 _apages 7-72, April 2018
440 _aAmerican Journal of Nursing
_v118:4
650 _aNursing -- research.
650 _aPeriodicals.
999 _c358737
_d358737